[Event "Quebec-ch (ville/city) qual. 2"]
[Site "Quebec CAN"]
[Date "1996.11.17"]
[Round "3"]
[White "Belanger, Jacques"]
[Black "Tremblay, Sylvain"]
[Result "0-1"]
[WhiteElo "1928"]
[BlackElo "2125"]
[PlyCount "126"]
[EventDate "1996.10.16"]
[EventType "swiss"]
[EventRounds "4"]
[EventCountry "CAN"]

1. e4 c6 2. d4 d5 3. Nc3 dxe4 4. Nxe4 Bf5 5. Ng3 Bg6 6. Bc4 e6 7. N1e2 Nf6 8.
Nf4 e5 9. Nxg6 hxg6 10. Be3 Nbd7 11. Qe2 Bd6 12. O-O-O O-O 13. h4 exd4 14. Bxd4
b5 15. Bb3 Re8 16. Qf3 c5 17. Bxf6 Nxf6 18. Qc6 Bf4+ 19. Kb1 Qb6 20. Qxb6 axb6
21. c3 c4 22. Bc2 Ng4 23. Ne4 f5 24. Nd6 Re2 25. g3 Bxd6 26. Rxd6 Nxf2 27. Rf1
Rae8 28. Rc1 R8e6 29. Rd8+ Kf7 30. h5 R2e5 31. hxg6+ Kxg6 32. Rd7 Kf6 33. a3
Ng4 34. Bd1 Ne3 35. Bf3 g6 36. Rh1 Kg5 37. Rg7 Ng4 38. Rd7 Nf2 39. Rf1 Nd3 40.
Rd1 Re1 41. Rd5 Rxd1+ 42. Bxd1 Nc5 43. g4 Re1 44. gxf5 gxf5 45. Kc1 Kf4 46. Kd2
Re5 47. Rxe5 Kxe5 48. Bh5 Kf4 49. Be8 Ne4+ 50. Ke2 Nd6 51. Bc6 Kg3 52. Kf1 f4
53. a4 bxa4 54. Bxa4 f3 55. Bc2 f2 56. Bg6 Kf3 57. Bh7 Ke3 58. Bg6 Ne4 59. Bxe4
Kxe4 60. Kxf2 Kd3 61. Ke1 Kc2 62. Ke2 Kxb2 63. Kd2 b5 0-1

[Event "Quebec-ch (ville/city) qual. 2"]
[Site "Quebec CAN"]
[Date "1996.11.17"]
[Round "4"]
[White "Tremblay, Sylvain"]
[Black "Liard, Serge"]
[Result "1-0"]
[WhiteElo "2125"]
[BlackElo "1964"]
[PlyCount "75"]
[EventDate "1996.10.16"]
[EventType "swiss"]
[EventRounds "4"]
[EventCountry "CAN"]

1. e4 e6 2. d4 d5 3. Nc3 Bb4 4. a3 Bxc3+ 5. bxc3 dxe4 6. Qg4 Qf6 7. Qxe4 Qg6 8.
Qxg6 hxg6 9. Nf3 Ne7 10. Bf4 c6 11. Bd3 f6 12. O-O g5 13. Bd2 Nd7 14. h3 Nf8
15. Rfe1 Kf7 16. c4 a5 17. Rab1 Nfg6 18. g3 Rxh3 19. Bxg5 Rh5 20. Bd2 e5 21.
dxe5 Nxe5 22. Nxe5+ Rxe5 23. Rxe5 fxe5 24. Bc3 Ng6 25. Kg2 a4 26. c5 Nf8 27.
Bxe5 Ne6 28. Bc4 Ra5 29. Bd4 g5 30. Rh1 Bd7 31. Rh7+ Ke8 32. Bf6 Rxc5 33. Re7+
Kf8 34. Bxe6 Bxe6 35. Rxe6 Kf7 36. Re5 Rxc2 37. Bxg5 b5 38. Be7 1-0

[Event "Quebec-ch U16"]
[Site "Montreal CAN"]
[Date "1996.03.09"]
[Round "5"]
[White "Falardeau, Bruno"]
[Black "Goldenberg, Danny"]
[Result "0-1"]
[WhiteElo "1569"]
[BlackElo "1927"]
[PlyCount "34"]
[EventDate "1996.03.07"]
[EventType "tourn"]
[EventRounds "7"]
[EventCountry "CAN"]

1. e4 c5 2. Nc3 Nc6 3. f4 g6 4. Nf3 Bg7 5. Bc4 e6 6. O-O Nge7 7. d3 O-O 8. Be3
Nd4 9. Qd2 d5 10. Bb3 Nxf3+ 11. Rxf3 d4 12. Bf2 dxc3 13. bxc3 Qa5 14. Be1 b5
15. Rb1 c4 16. dxc4 bxc4 17. Bxc4 Qc5+ 0-1

[Event "Quebec-ch U20"]
[Site "Montreal CAN"]
[Date "1996.03.09"]
[Round "5"]
[White "Leriche, Felix"]
[Black "Soudre, Nicolas"]
[Result "1/2-1/2"]
[WhiteElo "2037"]
[BlackElo "1855"]
[PlyCount "22"]
[EventDate "1996.03.07"]
[EventType "tourn"]
[EventRounds "7"]
[EventCountry "CAN"]

1. d4 d5 2. Bg5 Bf5 3. e3 c6 4. Bd3 Bxd3 5. cxd3 Qb6 6. Nd2 Nd7 7. Ngf3 Qxb2 8.
Rb1 Qxa2 9. Rxb7 Qa6 10. Qb1 Nb6 11. Rc7 Rc8 1/2-1/2

[Event "Quebec-ch classe"]
[Site "Montreal CAN"]
[Date "1996.10.11"]
[Round "1"]
[White "Fontaine, Jacques"]
[Black "Laurain, Guy"]
[Result "0-1"]
[WhiteElo "1970"]
[BlackElo "2160"]
[PlyCount "98"]
[EventDate "1996.10.11"]
[EventType "swiss"]
[EventRounds "5"]
[EventCountry "CAN"]

1. e4 c5 2. Nf3 Nc6 3. c3 Nf6 4. e5 Nd5 5. d4 cxd4 6. cxd4 e6 7. Be2 d6 8. O-O
Qc7 9. Nc3 Nxc3 10. bxc3 dxe5 11. dxe5 Bc5 12. Qc2 Nxe5 13. Nxe5 Qxe5 14. Bb5+
Bd7 15. Bxd7+ Kxd7 16. g3 Ke7 17. Bf4 Qd5 18. Rab1 Rad8 19. Rfd1 Qf3 20. Re1
Rd7 21. Be3 Bxe3 22. Rxe3 Qd5 23. Qa4 b6 24. Rbe1 h6 25. Re5 Qf3 26. Qb4+ Kf6
27. R5e4 Kg6 28. R4e3 Qf6 29. Qb1+ Qf5 30. Rxe6+ f6 31. R6e4 Kh7 32. Qb4 Rhd8
33. Rf4 Qg6 34. Rg4 Qc2 35. Qe4+ Qxe4 36. Rgxe4 Rd2 37. R4e2 R8d3 38. Re7 Rf3
39. Rxa7 Rfxf2 40. Ree7 Kg6 41. Rxg7+ Kf5 42. Ra4 Rg2+ 43. Kf1 Rdf2+ 44. Ke1
Rxh2 45. Rb4 Rxa2 46. Rb5+ Ke4 47. Re7+ Kf3 48. Rf5+ Kg4 49. Rf4+ Kxg3 0-1

[Event "Quebec-ch classe"]
[Site "Montreal CAN"]
[Date "1996.10.11"]
[Round "1"]
[White "Linskiy, Oleg"]
[Black "Desrosiers, Alain"]
[Result "1-0"]
[WhiteElo "2335"]
[BlackElo "2005"]
[PlyCount "66"]
[EventDate "1996.10.11"]
[EventType "swiss"]
[EventRounds "5"]
[EventCountry "CAN"]

1. e4 c5 2. Nf3 d6 3. d4 cxd4 4. Nxd4 Nf6 5. Nc3 a6 6. Bg5 e6 7. Qd3 Be7 8.
O-O-O Qc7 9. f4 h6 10. Bh4 Nbd7 11. Be2 b5 12. Bf3 Bb7 13. Bxf6 gxf6 14. Rhe1
Nc5 15. Qe3 O-O-O 16. a3 Kb8 17. Kb1 Rc8 18. Rd2 Nd7 19. f5 e5 20. Nb3 Nb6 21.
Na5 Ba8 22. b4 Bd8 23. Na2 Na4 24. Red1 h5 25. Qb3 Nc3+ 26. Nxc3 Qxc3 27. Rxd6
Bxa5 28. Qxc3 Rxc3 29. bxa5 Rxa3 30. Rxa6 Re3 31. Rb6+ Kc8 32. a6 Kc7 33. Rxf6
Rf8 1-0

[Event "Quebec-ch classe"]
[Site "Montreal CAN"]
[Date "1996.10.11"]
[Round "1"]
[White "Moussa, Alaa Eddine"]
[Black "Landry, Sylvain"]
[Result "1/2-1/2"]
[WhiteElo "2155"]
[BlackElo "1965"]
[PlyCount "114"]
[EventDate "1996.10.11"]
[EventType "swiss"]
[EventRounds "5"]
[EventCountry "CAN"]

1. d4 Nf6 2. c4 g6 3. Nc3 Bg7 4. e4 d6 5. Be2 O-O 6. Bg5 h6 7. Be3 c5 8. e5
dxe5 9. dxe5 Qxd1+ 10. Rxd1 Ng4 11. Bxc5 Nc6 12. f4 b6 13. Bf2 Nb4 14. Nd5 Nxd5
15. cxd5 Nxf2 16. Kxf2 Bb7 17. Rd2 g5 18. Nf3 gxf4 19. Bc4 Rac8 20. Bb3 Rc5 21.
Re1 Rd8 22. d6 e6 23. Rde2 Kf8 24. g3 fxg3+ 25. Kxg3 Bc6 26. h4 Rc8 27. h5 Bd7
28. Nd4 Rc1 29. Kf4 Rxe1 30. Rxe1 Rc5 31. Re3 Ke8 32. Re1 Kf8 33. Re2 Ke8 34.
Re1 Kf8 35. a3 Ke8 36. Ba2 a6 37. Re3 Kf8 38. Bb3 Ke8 39. Nf3 Bc6 40. Nd2 Bb5
41. Nf3 Bc6 42. Nh2 Bd7 43. Ng4 Bc6 44. Rc3 Rxc3 45. bxc3 Kd7 46. Ba2 Bb5 47.
Ke3 Ba4 48. Bc4 a5 49. Be2 Bc6 50. Kd4 Ba4 51. c4 Bc6 52. c5 b5 53. Bd3 Ke8 54.
Be4 Kd7 55. Ke3 Bxe4 56. Kxe4 Kc6 57. Kd4 Kd7 1/2-1/2

[Event "Quebec-ch classe"]
[Site "Montreal CAN"]
[Date "1996.10.11"]
[Round "1"]
[White "Pageau, Roger"]
[Black "Desjardins, Andre"]
[Result "0-1"]
[WhiteElo "1965"]
[BlackElo "2145"]
[PlyCount "174"]
[EventDate "1996.10.11"]
[EventType "swiss"]
[EventRounds "5"]
[EventCountry "CAN"]

1. d4 Nf6 2. Bf4 g6 3. c4 Bg7 4. Nc3 O-O 5. e4 d6 6. h3 Nbd7 7. Nf3 Nh5 8. Bg5
h6 9. Be3 e5 10. d5 a5 11. Qd2 Kh7 12. Bd3 Nc5 13. Bc2 f5 14. exf5 Bxf5 15. g4
Bxc2 16. Qxc2 Nf4 17. Bxc5 dxc5 18. O-O-O Ng2 19. Rd3 Rf4 20. Ne2 e4 21. Nxf4
Nxf4 22. Re3 exf3 23. Rxf3 Qg5 24. Kb1 Rf8 25. Rg3 Qe5 26. Re3 Qd6 27. h4 Bd4
28. Rf3 Nxd5 29. Rxf8 Nb4 30. Rf7+ Kg8 31. Rd7 Qxd7 32. Qxg6+ Bg7 33. Re1 Qd3+
34. Qxd3 Nxd3 35. Re8+ Kf7 36. Rc8 Be5 37. Ra8 b6 38. f3 Ne1 39. g5 hxg5 40.
hxg5 Nxf3 41. g6+ Kxg6 42. b3 Nd4 43. Re8 Kf5 44. Re7 Ke4 45. Rh7 Kd3 46. Rh3+
Kd2 47. Rh5 Bf4 48. Rh4 Ne2 49. Rg4 Kd3 50. Rh4 Nc3+ 51. Kb2 Nd1+ 52. Kb1 Be5
53. Rh3+ Kd2 54. Rh5 Bd4 55. Rh2+ Kc3 56. Rh7 a4 57. Rh3+ Ne3 58. bxa4 Kb4 59.
Rh7 Be5 60. Re7 Nxc4 61. Kc2 Kxa4 62. Kd3 b5 63. Re6 Bd6 64. Re8 Nb6 65. Kc2 b4
66. Rb8 c4 67. Rb7 Kb5 68. Ra7 Kc5 69. Ra6 Kd4 70. Ra5 Nd5 71. Rb5 Ne3+ 72. Kb1
c3 73. Kc1 Kc4 74. Rh5 Bf4 75. Rh3 Kd3 76. Rf3 Ke4 77. Rh3 c5 78. Rh8 Be5 79.
Rh4+ Kd3 80. Rh3 c4 81. Rh7 b3 82. Rd7+ Bd4 83. axb3 cxb3 84. Rc7 b2+ 85. Kb1
c2+ 86. Rxc2 Nxc2 87. Ka2 Na3 0-1

[Event "Quebec-ch classe"]
[Site "Montreal CAN"]
[Date "1996.10.12"]
[Round "2"]
[White "Apostolov, Penka"]
[Black "Moussa, Alaa Eddine"]
[Result "0-1"]
[WhiteElo "1925"]
[BlackElo "2155"]
[PlyCount "102"]
[EventDate "1996.10.11"]
[EventType "swiss"]
[EventRounds "5"]
[EventCountry "CAN"]

1. d4 Nf6 2. Nf3 e6 3. c4 b6 4. a3 Bb7 5. Nc3 d5 6. cxd5 Nxd5 7. Qc2 Nd7 8. e4
Nxc3 9. bxc3 Be7 10. Bd3 c5 11. Qe2 O-O 12. O-O Rc8 13. Ba6 Bxa6 14. Qxa6 Qc7
15. Re1 Nb8 16. Qe2 cxd4 17. cxd4 Rfd8 18. Bd2 Qc4 19. Bf4 Qxe2 20. Rxe2 Nc6
21. Be3 Na5 22. a4 Kf8 23. Rea2 Ke8 24. Rd1 Rc7 25. Kf1 Rdc8 26. d5 exd5 27.
exd5 Bd6 28. Bd4 f6 29. Nh4 Rc1 30. Rxc1 Rxc1+ 31. Ke2 Kd7 32. g3 Nb3 33. Be3
Bc5 34. Rb2 Bxe3 35. fxe3 Nc5 36. a5 Na4 37. Rb4 Ra1 38. e4 Ra2+ 39. Kf3 g6 40.
Ng2 Kc7 41. Rc4+ Nc5 42. axb6+ axb6 43. g4 Kd6 44. Rb4 Nd7 45. Ne1 Ne5+ 46. Kg3
Ra3+ 47. Kg2 Kc5 48. Rb2 Re3 49. Rc2+ Kd6 50. Kf1 Rxe4 51. Rb2 Rxe1+ 0-1

[Event "Quebec-ch classe"]
[Site "Montreal CAN"]
[Date "1996.10.12"]
[Round "2"]
[White "Chabot, Roland"]
[Black "McDonough, Jonathan"]
[Result "1-0"]
[WhiteElo "2165"]
[BlackElo "2005"]
[PlyCount "69"]
[EventDate "1996.10.11"]
[EventType "swiss"]
[EventRounds "5"]
[EventCountry "CAN"]

1. d4 Nf6 2. Nf3 g6 3. e3 d5 4. Be2 Bg7 5. O-O O-O 6. Nbd2 Nbd7 7. b3 c5 8. Bb2
Ne4 9. c4 cxd4 10. exd4 Ndc5 11. Re1 Nxd2 12. Qxd2 Ne4 13. Qe3 a6 14. Bd3 Nc5
15. Bf1 dxc4 16. bxc4 Na4 17. Ba3 Be6 18. Rab1 b5 19. d5 Bf5 20. Bxe7 Qd7 21.
Bxf8 Bxf8 22. Ne5 Qc7 23. Bd3 Bc5 24. Qg3 Bxd3 25. Qxd3 b4 26. Nc6 a5 27. Qf3
Rf8 28. Qf6 Nc3 29. Rb2 h5 30. Rd2 Bd6 31. g3 a4 32. Qd4 Qb7 33. c5 Bc7 34.
Nxb4 Nxa2 35. Rxa2 1-0

[Event "Quebec-ch classe"]
[Site "Montreal CAN"]
[Date "1996.10.12"]
[Round "2"]
[White "Desjardins, Andre"]
[Black "Hua, Lefong"]
[Result "0-1"]
[WhiteElo "2145"]
[BlackElo "2200"]
[PlyCount "120"]
[EventDate "1996.10.11"]
[EventType "swiss"]
[EventRounds "5"]
[EventCountry "CAN"]

1. e4 c5 2. Nf3 d6 3. d4 cxd4 4. Nxd4 Nf6 5. Nc3 g6 6. Be3 Bg7 7. f3 Nc6 8. Qd2
O-O 9. O-O-O d5 10. Qe1 e6 11. h4 Qc7 12. exd5 exd5 13. g4 Qe5 14. Nxc6 bxc6
15. Bd4 Qf4+ 16. Qe3 Qxe3+ 17. Bxe3 h5 18. g5 Nd7 19. Bd4 Bxd4 20. Rxd4 Re8 21.
Be2 Nc5 22. Rdd1 Bf5 23. Rde1 d4 24. Nb1 Re3 25. Bd1 Rae8 26. Rxe3 Rxe3 27. Kd2
Na4 28. b3 Nb6 29. Na3 Re5 30. Nb1 Nd5 31. a4 Nf4 32. Rh2 Re3 33. Na3 Be6 34.
Rf2 Bd5 35. Nb1 c5 36. c3 Rd3+ 37. Kc2 Bxb3+ 38. Kxb3 Rxd1 39. Nd2 dxc3 40.
Kxc3 Rc1+ 41. Kb3 Rh1 42. Ne4 Rxh4 43. Nxc5 Rh1 44. Rd2 Rg1 45. Ne4 Ne6 46. Rd5
h4 47. Nf6+ Kg7 48. Ng4 h3 49. a5 Nxg5 50. Rxg5 h2 51. Rxg6+ Kxg6 52. Nxh2 Rg3
53. Kb4 f5 54. Kb5 Rh3 55. Nf1 Rxf3 56. Nd2 Rd3 57. Nc4 Kf6 58. Ka6 Rd7 59. Na3
f4 60. Nb5 f3 0-1

[Event "Quebec-ch classe"]
[Site "Montreal CAN"]
[Date "1996.10.12"]
[Round "2"]
[White "Goldenberg, Danny"]
[Black "Landry, Sylvain"]
[Result "1-0"]
[WhiteElo "2045"]
[BlackElo "1965"]
[PlyCount "131"]
[EventDate "1996.10.11"]
[EventType "swiss"]
[EventRounds "5"]
[EventCountry "CAN"]

1. d4 Nf6 2. Nc3 d6 3. e4 g6 4. Nf3 Bg7 5. Be2 O-O 6. O-O c6 7. Re1 Nbd7 8. Bf4
Nh5 9. Bg5 h6 10. Be3 e5 11. Qd2 Kh7 12. Rad1 Qe7 13. b4 f5 14. exf5 gxf5 15.
dxe5 dxe5 16. Na4 Nhf6 17. c4 Ne4 18. Qb2 a5 19. b5 Re8 20. Qc2 Ndf6 21. Nb6
Rb8 22. Nh4 Ng4 23. Nxf5 Bxf5 24. Bxg4 Bg6 25. Qc1 Qb4 26. Nd7 Ra8 27. a3 Qc3
28. f3 Qxc1 29. Rxc1 Ng5 30. Nb6 Rad8 31. Bd7 Re7 32. bxc6 bxc6 33. Red1 Rb8
34. Bc5 Rf7 35. h4 Nxf3+ 36. gxf3 Rxf3 37. Kg2 Rb3 38. Na4 Be4+ 39. Kh2 Bf6 40.
Re1 Bf3 41. Bf5+ Kh8 42. Rc3 Rxc3 43. Nxc3 Bxh4 44. Rxe5 Bg5 45. Kg3 Bf6 46.
Re3 Bh5 47. Ne4 Be5+ 48. Kh4 Bf7 49. Bd6 Re8 50. c5 Bd4 51. Rd3 Bb2 52. Bf4 Bd5
53. Nd6 Re2 54. a4 Re1 55. Kh5 Rh1+ 56. Kg6 Rg1+ 57. Kxh6 Rh1+ 58. Kg6 Rg1+ 59.
Bg3 Kg8 60. Kh5 Rh1+ 61. Kg4 Rg1 62. Nc8 Kf7 63. Nb6 Be5 64. Nxd5 cxd5 65. Bd7
Ke7 66. Bb5 1-0

[Event "Quebec-ch classe"]
[Site "Montreal CAN"]
[Date "1996.10.12"]
[Round "2"]
[White "Laurain, Guy"]
[Black "Linskiy, Oleg"]
[Result "0-1"]
[WhiteElo "2160"]
[BlackElo "2335"]
[PlyCount "114"]
[EventDate "1996.10.11"]
[EventType "swiss"]
[EventRounds "5"]
[EventCountry "CAN"]

1. e4 d5 2. exd5 Qxd5 3. Nc3 Qa5 4. d4 Nf6 5. Be2 c6 6. Nf3 Bf5 7. O-O e6 8.
Bf4 Nbd7 9. a3 Be7 10. Nd2 Qd8 11. Nc4 Nb6 12. Ne3 Bg6 13. h3 O-O 14. Qd2 Qd7
15. Rad1 Rad8 16. Qc1 Qc8 17. Bf3 Rd7 18. Rd2 Rfd8 19. Rfd1 h6 20. Be5 Nfd5 21.
Bxd5 cxd5 22. Ne2 Bg5 23. Bf4 Nc4 24. Nxc4 dxc4 25. Bxg5 hxg5 26. Nc3 Qc6 27.
Re2 Qb6 28. d5 exd5 29. Qxg5 d4 30. Rde1 Qf6 31. Qxf6 gxf6 32. Ne4 Kg7 33. f3
Rd5 34. Rd2 Rb5 35. c3 d3 36. Nf2 Re5 37. Rxe5 fxe5 38. Nd1 f5 39. Kf2 f4 40.
Ke1 e4 41. fxe4 Re8 42. Nf2 Bxe4 43. Nxe4 Rxe4+ 44. Kd1 Kg6 45. Rf2 Kg5 46. Kd2
Kh4 47. Rf3 Re2+ 48. Kd1 Kg5 49. g3 fxg3 50. Rxg3+ Kh5 51. Rg4 b5 52. a4 a6 53.
axb5 axb5 54. b3 cxb3 55. Rb4 b2 56. Rxb5+ Kg6 57. c4 Kf7 0-1

[Event "Quebec-ch classe"]
[Site "Montreal CAN"]
[Date "1996.10.12"]
[Round "3"]
[White "Fillion, Steve"]
[Black "Chabot, Roland"]
[Result "1/2-1/2"]
[WhiteElo "2145"]
[BlackElo "2165"]
[PlyCount "110"]
[EventDate "1996.10.11"]
[EventType "swiss"]
[EventRounds "5"]
[EventCountry "CAN"]

1. e4 d6 2. d4 Nf6 3. Nc3 c6 4. Nf3 Nbd7 5. Be2 e5 6. O-O Be7 7. h3 O-O 8. Be3
Re8 9. dxe5 dxe5 10. Bc4 b5 11. Bd3 Qc7 12. Ne2 Nc5 13. Bxc5 Bxc5 14. Ng3 Be6
15. Qe2 h6 16. c3 Rad8 17. b4 Bb6 18. Rfd1 a5 19. a3 Bb3 20. Bc2 Bxc2 21. Qxc2
c5 22. Rxd8 Rxd8 23. Rd1 Rxd1+ 24. Qxd1 axb4 25. axb4 g6 26. Qd2 Kg7 27. Kh2 c4
28. Kg1 Qd7 29. Qxd7 Nxd7 30. Kf1 Kf6 31. Nd2 Ke7 32. Ke2 Nf8 33. Ngf1 Ne6 34.
g3 Nc7 35. Ne3 Ke6 36. Nb1 f5 37. f3 f4 38. gxf4 exf4 39. Ng2 g5 40. h4 Ke5 41.
hxg5 hxg5 42. Nd2 Ne8 43. Ne1 Nd6 44. Nc2 Ba7 45. Ke1 Bb6 46. Ke2 Nc8 47. Na3
Nd6 48. Nc2 Bg1 49. Ke1 Be3 50. Nxe3 fxe3 51. Nf1 g4 52. fxg4 Nxe4 53. Nxe3
Nxc3 54. Kd2 Nd5 55. Nc2 Nf6 1/2-1/2

[Event "Quebec-ch classe"]
[Site "Montreal CAN"]
[Date "1996.10.12"]
[Round "3"]
[White "Fontaine, Jacques"]
[Black "Desjardins, Andre"]
[Result "1-0"]
[WhiteElo "1970"]
[BlackElo "2145"]
[PlyCount "143"]
[EventDate "1996.10.11"]
[EventType "swiss"]
[EventRounds "5"]
[EventCountry "CAN"]

1. e4 c5 2. Nf3 Nc6 3. d4 cxd4 4. Nxd4 Nf6 5. Nc3 e5 6. Ndb5 d6 7. Bg5 a6 8.
Na3 b5 9. Nd5 Be7 10. Nxe7 Nxe7 11. f3 d5 12. exd5 Qxd5 13. Qxd5 Nfxd5 14. c4
f6 15. Bd2 bxc4 16. Nxc4 Be6 17. Nd6+ Kd7 18. Ne4 Rhc8 19. b4 Nc7 20. Bd3 Bf5
21. O-O Ne6 22. Rac1 Bg6 23. Be3 Nc6 24. Nc5+ Nxc5 25. Bxg6 hxg6 26. Bxc5 Ke6
27. Rfd1 Rd8 28. Kf2 Rab8 29. Rxd8 Rxd8 30. Ke3 Nd4 31. Bxd4 Rxd4 32. a3 Kd7
33. Rc3 Rh4 34. h3 g5 35. Rc5 Rh8 36. Ra5 Rc8 37. Rxa6 Rc2 38. g4 Rh2 39. b5
Rxh3 40. Ra7+ Kd6 41. Rxg7 Rh2 42. a4 Rb2 43. Ra7 Rb3+ 44. Ke2 Rb2+ 45. Ke1 Rb3
46. Ra6+ Ke7 47. Ke2 Rb2+ 48. Ke3 Rb3+ 49. Ke4 Rb4+ 50. Kd5 Rb3 51. Ra7+ Kd8
52. Kd6 Rd3+ 53. Ke6 Rxf3 54. b6 Kc8 55. a5 Rb3 56. Kxf6 e4 57. Kxg5 e3 58. Re7
Rb5+ 59. Kf4 Rxa5 60. Rxe3 Rb5 61. Re6 Kd7 62. Rf6 Ke7 63. Rh6 Kf7 64. g5 Rb4+
65. Kf3 Kg7 66. Rc6 Kf7 67. g6+ Kg7 68. Ke3 Rg4 69. Kd3 Kf8 70. Kc3 Ke7 71. b7
Rg3+ 72. Kb4 1-0

[Event "Quebec-ch classe"]
[Site "Montreal CAN"]
[Date "1996.10.12"]
[Round "3"]
[White "Gardner, Robert"]
[Black "Laurain, Guy"]
[Result "0-1"]
[WhiteElo "2085"]
[BlackElo "2160"]
[PlyCount "88"]
[EventDate "1996.10.11"]
[EventType "swiss"]
[EventRounds "5"]
[EventCountry "CAN"]

1. e4 c5 2. Nf3 Nc6 3. d4 cxd4 4. Nxd4 Nf6 5. Nc3 d6 6. Bg5 e6 7. Qd2 a6 8.
O-O-O h6 9. Be3 Be7 10. f3 Nxd4 11. Bxd4 e5 12. Be3 Be6 13. Nd5 Nxd5 14. exd5
Bf5 15. Bd3 Bxd3 16. Qxd3 Bg5 17. Kb1 O-O 18. Bf2 f5 19. h4 Be7 20. Qe2 f4 21.
c4 Qd7 22. Rd3 Rac8 23. Rc1 Qf5 24. Ka1 Rfd8 25. Qd2 Rd7 26. g4 fxg3 27. Bxg3
b5 28. c5 Rxc5 29. Rxc5 dxc5 30. d6 Bf6 31. f4 exf4 32. Bxf4 c4 33. Rd5 Qe4 34.
a4 c3 35. bxc3 Qxa4+ 36. Kb2 b4 37. Be5 Qa3+ 38. Kc2 Qa2+ 39. Kc1 Qxd2+ 40.
Kxd2 Bxe5 41. Rxe5 Rxd6+ 42. Kc2 Rc6 43. Kb3 bxc3 44. Kc2 Kf7 0-1

[Event "Quebec-ch classe"]
[Site "Montreal CAN"]
[Date "1996.10.12"]
[Round "3"]
[White "Moussa, Alaa Eddine"]
[Black "Goldenberg, Danny"]
[Result "0-1"]
[WhiteElo "2155"]
[BlackElo "2045"]
[PlyCount "76"]
[EventDate "1996.10.11"]
[EventType "swiss"]
[EventRounds "5"]
[EventCountry "CAN"]

1. d4 Nf6 2. c4 c5 3. d5 b5 4. cxb5 a6 5. b6 Qxb6 6. Nc3 g6 7. e4 d6 8. a4 Bg7
9. a5 Qb7 10. Bc4 O-O 11. f4 Bd7 12. Nf3 Ne8 13. O-O Nc7 14. f5 Bb5 15. Qb3 Nd7
16. Bg5 Rfe8 17. fxg6 hxg6 18. Bc1 Rab8 19. Ng5 Nf6 20. e5 Bxc4 21. Qxc4 Qb4
22. Qxb4 cxb4 23. exf6 bxc3 24. fxg7 cxb2 25. Bxb2 Rxb2 26. Rxf7 Nxd5 27. Re1
Rc8 28. Rf2 Rxf2 29. Kxf2 Kxg7 30. Ne6+ Kf6 31. Nd4 e5 32. Nf3 Rc2+ 33. Kf1 Ra2
34. h4 Rxa5 35. g4 Ra4 36. g5+ Kf5 37. Kg2 Ra2+ 38. Kg3 Nf4 0-1

[Event "Quebec-ch classe"]
[Site "Montreal CAN"]
[Date "1996.10.13"]
[Round "4"]
[White "Landry, Sylvain"]
[Black "Apostolov, Penka"]
[Result "0-1"]
[WhiteElo "1965"]
[BlackElo "1925"]
[PlyCount "71"]
[EventDate "1996.10.11"]
[EventType "swiss"]
[EventRounds "5"]
[EventCountry "CAN"]

1. e4 c5 2. Nf3 Nc6 3. d4 cxd4 4. Nxd4 Nf6 5. Nc3 d6 6. Bc4 Qb6 7. Nb3 e6 8.
O-O Be7 9. a4 O-O 10. a5 Qc7 11. Bf4 Ne5 12. Bd3 Bd7 13. Qe2 Rac8 14. Rfd1 Rfe8
15. Nd2 Ra8 16. h3 Bc6 17. b4 Nxd3 18. cxd3 e5 19. Bg5 Qd7 20. Rab1 b5 21. Nf3
h6 22. Bxf6 Bxf6 23. Nd5 Bxd5 24. exd5 Rac8 25. Rbc1 Rc7 26. d4 Rxc1 27. Rxc1
e4 28. Nd2 Bxd4 29. Nb3 Bf6 30. Rc6 Re5 31. Qxb5 e3 32. fxe3 Rxe3 33. Nd2 Bd4
34. Kh1 Re1+ 35. Kh2 Qf5 36. Nf3 0-1

[Event "Quebec-ch classe"]
[Site "Montreal CAN"]
[Date "1996.10.13"]
[Round "4"]
[White "Moisan-Plante, Marc-Olivier"]
[Black "Hua, Lefong"]
[Result "1-0"]
[WhiteElo "2135"]
[BlackElo "2200"]
[PlyCount "97"]
[EventDate "1996.10.11"]
[EventType "swiss"]
[EventRounds "5"]
[EventCountry "CAN"]

1. e4 c5 2. Nc3 Nc6 3. f4 g6 4. Nf3 Bg7 5. Bc4 e6 6. O-O Nge7 7. d3 O-O 8. Qe1
d5 9. Bb3 dxe4 10. dxe4 Nd4 11. Nxd4 cxd4 12. Ne2 d3 13. cxd3 Qxd3 14. Ng3 Rd8
15. f5 exf5 16. Bg5 Qd4+ 17. Kh1 Bf6 18. Rd1 Qxd1 19. Bxd1 Bxg5 20. Bb3 Be6 21.
exf5 Bxb3 22. axb3 Bh4 23. Qe4 Bxg3 24. Qxe7 Re8 25. Qxb7 Be5 26. g3 Rf8 27.
fxg6 hxg6 28. Rxf7 Rxf7 29. Qxa8+ Kg7 30. Kg2 Bxb2 31. Qd5 Re7 32. h4 Bf6 33.
Kf3 Re5 34. Qd7+ Re7 35. Qa4 Kh6 36. Kg4 Kg7 37. Qc4 Re5 38. Qd3 a5 39. Kh3 Rh5
40. Qd7+ Kg8 41. Qa7 Rf5 42. Qa8+ Kg7 43. g4 Re5 44. Qa7+ Kg8 45. Kg3 Rb5 46.
Qe3 Kg7 47. g5 Be5+ 48. Kf3 Kg8 49. Qd3 1-0

[Event "Quebec-ch classe"]
[Site "Montreal CAN"]
[Date "1996.10.13"]
[Round "4"]
[White "Moussa, Alaa Eddine"]
[Black "Fontaine, Jacques"]
[Result "0-1"]
[WhiteElo "2155"]
[BlackElo "1970"]
[PlyCount "74"]
[EventDate "1996.10.11"]
[EventType "swiss"]
[EventRounds "5"]
[EventCountry "CAN"]

1. d4 Nf6 2. c4 g6 3. Nc3 d5 4. cxd5 Nxd5 5. e4 Nxc3 6. bxc3 Bg7 7. Be3 O-O 8.
Qd2 b6 9. Bh6 Bb7 10. f3 e5 11. Bxg7 Kxg7 12. h4 h6 13. h5 g5 14. g4 exd4 15.
cxd4 Qf6 16. Rd1 Nd7 17. Bb5 Rad8 18. Qe3 Qd6 19. Kf2 Rfe8 20. Ne2 c6 21. Ba4
Nf6 22. Ng3 Bc8 23. e5 Nd5 24. Qd3 Qc7 25. Rc1 Ne7 26. Qe4 Bb7 27. Rhd1 c5 28.
Nf5+ Nxf5 29. Qxf5 Re6 30. f4 gxf4 31. g5 Qe7 32. Rg1 Kh8 33. gxh6 Qh4+ 34. Kf1
Ba6+ 35. Kg2 Rg8+ 36. Kf3 Rg3+ 37. Ke4 Bd3+ 0-1

[Event "Quebec-ch classe"]
[Site "Montreal CAN"]
[Date "1996.10.13"]
[Round "5"]
[White "Chabot, Roland"]
[Black "Desrosiers, Alain"]
[Result "1/2-1/2"]
[WhiteElo "2165"]
[BlackElo "2005"]
[PlyCount "26"]
[EventDate "1996.10.11"]
[EventType "swiss"]
[EventRounds "5"]
[EventCountry "CAN"]

1. d4 d5 2. e3 Bf5 3. c4 c6 4. cxd5 cxd5 5. Nc3 e6 6. Nf3 Nf6 7. Qb3 Qc7 8. Bd2
Be7 9. Rc1 Nc6 10. Ne5 O-O 11. Be2 Nd7 12. Nb5 Qc8 13. O-O f6 1/2-1/2

[Event "Quebec-ch classe"]
[Site "Montreal CAN"]
[Date "1996.10.13"]
[Round "5"]
[White "Fontaine, Jacques"]
[Black "Chabot, Roland"]
[Result "0-1"]
[WhiteElo "1970"]
[BlackElo "2165"]
[PlyCount "90"]
[EventDate "1996.10.11"]
[EventType "swiss"]
[EventRounds "5"]
[EventCountry "CAN"]

1. e4 d6 2. d4 Nf6 3. Nc3 c6 4. Nf3 Nbd7 5. a4 e5 6. Bc4 Be7 7. Bxf7+ Kxf7 8.
Ng5+ Kg8 9. Ne6 Qe8 10. Nc7 Qg6 11. Nxa8 Qxg2 12. Rf1 exd4 13. Qxd4 Ne5 14. f3
Nxf3+ 15. Rxf3 Qxf3 16. Qc4+ Kf8 17. Qf1 Qxf1+ 18. Kxf1 Bh3+ 19. Kg1 Kf7 20.
Nc7 Rc8 21. N7d5 cxd5 22. exd5 Rc4 23. Be3 Rg4+ 24. Kf2 Rg2+ 25. Kf3 Rxc2 26.
Kg3 Bf5 27. Rf1 Nh5+ 28. Kf3 Rxb2 29. Nb5 Bd3 30. Rc1 Bxb5 31. axb5 Rxb5 32.
Bxa7 Rxd5 33. Rb1 b5 34. Kg4 Nf6+ 35. Kf4 Nd7 36. Rf1 Bf6 37. Kg4 b4 38. Rf4
Rb5 39. Bd4 Ke6 40. Kh3 Bxd4 41. Rxd4 b3 42. Rd1 b2 43. Rb1 Ne5 44. Kg2 Nc4 45.
Kf2 Na3 0-1

[Event "Quebec-ch classe"]
[Site "Montreal CAN"]
[Date "1996.10.13"]
[Round "5"]
[White "Hua, Lefong"]
[Black "Cormos, Eugene"]
[Result "0-1"]
[WhiteElo "2200"]
[BlackElo "1995"]
[PlyCount "54"]
[EventDate "1996.10.11"]
[EventType "swiss"]
[EventRounds "5"]
[EventCountry "CAN"]

1. d4 d5 2. Nf3 Nf6 3. Bg5 e6 4. e3 Be7 5. Nbd2 Nbd7 6. Bd3 c5 7. c3 O-O 8. Ne5
Nxe5 9. dxe5 Nd7 10. Bf4 f5 11. h4 Qb6 12. Rb1 c4 13. Bc2 Nc5 14. Nf3 Bd7 15.
Nd4 a6 16. g4 Ne4 17. gxf5 exf5 18. Nxf5 Bxf5 19. Qxd5+ Kh8 20. Bxe4 Rad8 21.
Qxc4 Qg6 22. Bxf5 Qxf5 23. Rc1 g5 24. hxg5 Bxg5 25. Rh5 Qd7 26. Bxg5 Qd2+ 27.
Kf1 Qxf2# 0-1